[Event "Let's Play Chess!"]
[Site "http://www.queenalice.com/game.php?id=1866405"]
[Date "2025.12.1"]
[Round "-"]
[White "alow_proton"]
[Black "alterego"]
[Result "1-0"]
[WhiteElo "1924"]
[BlackElo "1538"]

1. e4 g6 2. d4 a6 3. Nf3 Bg7 4. Bc4 e6 5. Bg5 Ne7 6. Qd2 b5 7. Bd3 O-O 8. Bh6 d5
9. Nc3 Kh8 10. Bxg7+ Kxg7 11. e5 Nd7 12. a3 c5 13. dxc5 Nxc5 14. Be2 Nf5 15. Rd1
d4 16. Nxd4 Nxd4 17. Qxd4 Qxd4 18. Rxd4 Bb7 19. O-O f5 20. exf6+ Rxf6 21. b4 Na4
22. Nxa4 bxa4 23. Rfd1 Rc8 24. Rd7+ Kh6 25. Rxb7 Rxc2 26. Kf1 Ra2 27. Rd3 Ra1+
28. Bd1 Ra2 29. f3 e5 30. Re7 Rf5 31. Bxa4 e4 32. Rxe4 Ra5 33. Bc6 Ra1+ 34. Re1
Ra2 35. bxa5 1-0